MVRDV Buildings /

Enregistré dans:
Détails bibliographiques
Autres auteurs: Ruby, Ilka (Éditeur intellectuel), Ruby, Andreas (Éditeur intellectuel)
Format: Livre
Langue:anglais
Publié: Rotterdam : nai010 publishers, 2015
Édition:doplnené vydanie
Sujets:
Tags: Ajouter un tag
Pas de tags, Soyez le premier à ajouter un tag!

MARC

LEADER 00000nam a22000003a 4500
001 0075252
003 SK-STU
005 20190822164307.8
007 ta
008 190822s ----xo-----e------000-0-----d
020 |a 978-94-6208-242-7 
040 |a STU  |b slo 
041 0 |a eng 
044 |a ne 
100 1 |a Ruby, Ilka  |4 edt 
245 1 0 |a MVRDV Buildings /  |c ed. Ilka Ruby ; ed. Andreas Ruby 
250 |a doplnené vydanie 
260 |a Rotterdam :  |b nai010 publishers,  |c 2015 
300 |a 432 s. 
650 0 7 |a architektonické dielo 
650 0 7 |a architektúra európska 
650 0 7 |a občianske budovy 
650 0 7 |a obytné budovy 
650 0 7 |a architektúra holandská 
650 0 7 |a Holandsko 
700 1 |a Ruby, Andreas  |4 edt 
996 |b 284AU08095  |c A* 11360/U  |l AAKNST  |s P  |a 0  |w 0075252_0001